000 00411nam a2200169Ia 4500
001 19182
003 IN-NITTTR
005 20251114233222.0
008 251113s9999||||xx |||||||||||||| ||eng||
040 _beng
040 _cIN-NITTTR
041 _aeng
082 _a621.38153 B22C
100 _aBanzhaf, Walter
245 0 _aComputer-aided circuit analysis using spice. /
_cBanzhaf, Walter
942 _2ddc
_cBK
999 _c21816
_d21816